Представление документа в формате RUSMARC

ПолеНазваниеЗначение
  Тип записи i
  Библиографический уровень m
001 Контрольный номер LIBNET\0000537640
005 Дата корректировки 20260519144933.1
010 Индекс ISBN __
d Цена 240-00
100 Данные общей обработки __
a Данные общей обработки 19151012d2014####||| 0rusy0189 ca
101 Язык документа 1_
a Язык текста rus
c Язык оригинала nnn
102 Страна публикации __
a Страна публикации RU|
105 Кодированные данные (монография) __
a Кодированные данные (монография) nn|||||||f|zy
127 Кодированные данные (звукозаписи-физические характеристики) __
a Продолжительность проигрывания 13 ч 10 мин
200 Заглавие и сведения об ответственности 1_
a Заглавие Новолуние
e Сведения, относящиеся к заглавию [аудиокнига : 16+]
f Первые сведения об ответственности Стефани Майер ; [читает Ксения Бржезовская ; перевод А. Ахмеровой]
b Общее обозначение материала Звукозапись
210 Выходные данные 1_
a Место издания Москва
c Издательство Аудиокнига
d Дата издания 2014
215 Физическое описание __
a Объем 1 электрон. опт. диск (Audio CD)
c Иллюстрации/тип воспроизводства mp3
d Формат 12х14 см
225 Серия 2_
a Серия Аудиокнига
230 Специфическая характеристика материала: электронные ресурсы __
a Обозначение и объем ресурса Электронные звуковые данные
300 Общие примечания __
a Общие примечания Самая знаменитая вампирская сага XXI века: Сумерки, Новолуние, Затмение, Рассвет
300 Общие примечания __
a Общие примечания Загл. с этикетки диска
323 Примечание о главных создателях, исполнителях, участниках __
a Примечание о главных создателях, исполнителях, участниках Бржезовская, К. (читает)
330 Аннотация __
a Аннотация Вторая книга знаменитой вампирской саги. Белла Свон мучительно переживает исчезновение возлюбленного и безуспешно ищет забвения в дружбе с мальчишкой-индейцем Джейком Блэком. Она даже не подозревает, что ее лучший друг - порождение еще одного "народа Тьмы". Народа, куда более жестокого и опасного, чем аристократы- вампиры…
333 Примечание о целевом назначении __
a Примечание о целевом назначении 16+. Для детей старше 16 лет
337 Примечание о системных требованиях (электронные ресурсы) __
a Примечание о системных требованиях (электронные ресурсы) Системные требования: ПК: MS Windows ; Pentium 100 ; RAM 16 Мб ; SVGA, 600х800 ; CD-ROM ; зв. карта ; колонки или наушники или аудиосистемы: музык. центр ; CD/DVD-плеер и т.д.
606 Тематические рубрики __
a Основная рубрика Художественная литература
606 Тематические рубрики __
a Основная рубрика Литература Америки (произведения)
y Географическая подрубрика США
610 Ключевые слова 0_
a Ключевые слова американская литература
a Ключевые слова зарубежная литература
a Ключевые слова иностранная литература
a Ключевые слова романы
a Ключевые слова саги
a Ключевые слова тема вампиров
a Ключевые слова тема любви
a Ключевые слова тема противостояния
a Ключевые слова фэнтези
a Ключевые слова фэнтези
686 Индексы других классификаций __
2 Код системы rubbks
a Классификационный индекс 84(7Сое)6-4я04; ст84(7Сое)-4я0
700 Автор _1
a Фамилия Майер
b Имя С.
f Даты 1973-
g Полное личное имя Стефани Морган
4 Код отношения 070
702 Вторичная интеллектуальная ответственность _1
a Фамилия Ахмерова
b Имя А.
4 Код отношения Переводчик
4 Код отношения 730
801 Источник записи _0
a Страна RU
b Организация Муниципальное бюджетное учреждение культуры "Централизованная библиотечная система" г. Сургут (Центральная городская библиотека им. А. С. Пушкина)
c Дата составления 20151012
g Правила каталогизации КиК/Апакова
801 Источник записи _1
a Страна RU
b Организация Муниципальное бюджетное учреждение культуры "Централизованная библиотечная система" г. Сургут (Центральная городская библиотека им. А. С. Пушкина)
c Дата составления 20151012
g Правила каталогизации КиК/Апакова
852 Данные о местонахождении __
j Шифр хранения 84(7Сое)6-4я04
i Авторский знак М 14
901 Тип документа __
t Тип документа 0
903 Характеристики (МАРС) __
a Дата передачи 20151012
969 Тип издания __
a Тип издания аудиокнига; издание для слепых
990 Данные о заказе (DOS) __
j Количество экземпляров (DOS) 9
t N записи в КСУ для И/У (DOS) 201510